1001 inventions that changed the world / (Record no. 103482)

MARC details
000 -LEADER
campo de control de longitud fija 01335cam a22003494a 4500
001 - NÚMERO DE CONTROL
campo de control 103366
005 - FECHA Y HORA DE LA ÚLTIMA TRANSACCIÓN
campo de control 20230410143533.0
008 - DATOS DE LONGITUD FIJA--INFORMACIÓN GENERAL
campo de control de longitud fija 080417s2009 nyua 001 0 eng c
035 ## - NÚMERO DE CONTROL DEL SISTEMA
Número de control de sistema 15265797
010 ## - NÚMERO DE CONTROL DE LA BIBLIOTECA DEL CONGRESO
Número de control de LC 2008927423
020 ## - NÚMERO INTERNACIONAL ESTÁNDAR DEL LIBRO
Número Internacional Estándar del Libro 0764161369
020 ## - NÚMERO INTERNACIONAL ESTÁNDAR DEL LIBRO
Número Internacional Estándar del Libro 9780764161360
035 ## - NÚMERO DE CONTROL DEL SISTEMA
Número de control de sistema (OCoLC)ocn246897974
040 ## - FUENTE DE CATALOGACIÓN
Centro catalogador/agencia de origen BTCTA
Centro/agencia transcriptor BTCTA
Centro/agencia modificador YDXCP
-- SVP
-- NAB
-- WAU
-- VP@
-- MOF
-- CO3
-- DLC
042 ## - CÓDIGO DE AUTENTICACIÓN
Código de autenticación pcc
050 14 - SIGNATURA TOPOGRÁFICA DE LA BIBLIOTECA DEL CONGRESO
Número de clasificación T 15
Número de ítem O58 2009
245 00 - MENCIÓN DEL TÍTULO
Título 1001 inventions that changed the world /
Mención de responsabilidad, etc. general editor, Jack Challoner ; preface by Trevor Baylis.
246 3# - FORMA VARIANTE DEL TITULO
Título propio/Titulo breve One thousand and one inventions that changed the world
250 ## - MENCION DE EDICION
Mención de edición 1st U.S. ed.
260 ## - PUBLICACIÓN, DISTRIBUCIÓN, ETC.
Lugar de publicación, distribución, etc. Hauppauge, NY :
Nombre del editor, distribuidor, etc. Barron's,
Fecha de publicación, distribución, etc. 2009.
300 ## - DESCRIPCIÓN FÍSICA
Extensión 960 p. :
Otras características físicas ill. (some col.) ;
Dimensiones 22 cm.
500 ## - NOTA GENERAL
Nota general Includes index.
520 ## - RESUMEN, ETC.
Sumario, etc. Presents a review of technological innovations and inventions, from the ancient world to the present day.
650 #0 - PUNTO DE ACCESO ADICIONAL DE MATERIA--TÉRMINO DE MATERIA
Término de materia o nombre geográfico como elemento de entrada Inventions
Subdivisión general History.
650 #0 - PUNTO DE ACCESO ADICIONAL DE MATERIA--TÉRMINO DE MATERIA
Término de materia o nombre geográfico como elemento de entrada Technological innovations.
700 1# - ENTRADA AGREGADA--NOMBRE PERSONAL
Nombre de persona Challoner, Jack.
856 42 - LOCALIZACIÓN Y ACCESO ELECTRÓNICOS
Materiales especificados Contributor biographical information
Identificador Uniforme de Recursos <a href="http://www.loc.gov/catdir/enhancements/fy1005/2008927423-b.html">http://www.loc.gov/catdir/enhancements/fy1005/2008927423-b.html</a>
856 42 - LOCALIZACIÓN Y ACCESO ELECTRÓNICOS
Materiales especificados Publisher description
Identificador Uniforme de Recursos <a href="http://www.loc.gov/catdir/enhancements/fy1005/2008927423-d.html">http://www.loc.gov/catdir/enhancements/fy1005/2008927423-d.html</a>
925 0# -
-- acquire
-- 2 shelf copies
-- policy default
942 ## - ELEMENTOS DE ENTRADA SECUNDARIOS (KOHA)
Fuente del sistema de clasificación o colocación Clasificación de Library of Congress
Tipo de ítem Koha
946 ## - PROCESAMIENTO DE INFORMACIÓN LOCAL (OCLC)
a NBM
Holdings
Estatus retirado Estado de pérdida Fuente del sistema de clasificación o colocación Estado de daño No para préstamo Colección Biblioteca de origen Biblioteca actual Ubicación en estantería Fecha de adquisición Signatura topográfica completa Código de barras Visto por última vez Copia número Tipo de ítem Koha
    Clasificación de Library of Congress     Colección de Tecnología Biblioteca Juan Bosch Biblioteca Juan Bosch Humanidades (4to. Piso) 10/04/2023 T 15 O58 2009 00000096599 21/01/2019 1